| 000 | 00774nam a22001937a 4500 | ||
|---|---|---|---|
| 999 |
_c15166 _d15166 |
||
| 003 | OSt | ||
| 082 | _2631.7 ANN/CO | ||
| 088 | _aP 287 | ||
| 100 |
_aANNIE S. S _93720 |
||
| 245 | _aComparison of different lining materials for field channels based on seepage characteristics | ||
| 260 |
_aTavanur 2014 _bKelappaji College of Agricultural Engineering and Technology |
||
| 300 | _a65 | ||
| 500 | _aComparison of different lining materials for field channels based on seepage characteristics | ||
| 520 | _aComparison of different lining materials for field channels based on seepage characteristics | ||
| 700 |
_aSukanya S _93721 |
||
| 700 |
_aEr. Priya G. Nair (Guide) _93444 |
||
| 856 | _uhttps://drive.google.com/open?id=1BCEtOpg0W5W739VEgDPOBuu09cPGpIAw | ||
| 942 | _cPR | ||